ระบบห้องสมุดอัตโนมัติ ULibM
วิทยาลัยพยาบาลบรมราชชนนี พระพุทธบาท
เปลี่ยนเป็นภาษาไทย

Change to English
 แสดงรายละเอียดบรรณานุกรม
  กลับหน้าหลัก

Brief Record : Get Marc (ISO 2709) : E-mail record : QR code ปิดหน้าต่าง
E-books : เกี่ยวกับ Collections
LEADER 00000nam 2200000uu 4500
001    13399123853
003     ULIBM
008    140156s2554 th a 000 0 tha d
020    9789746726146
100    นิตยา ไทยาภิรมย / บรรณาธิการ
245    การสร้างเสริมสุขภาพเด็ก เล่ม 1 (ฉบับปรับปรุง)
250    พิมพ์ครั้งที่ 2
260    เชียงใหม่ :^bคณะพยาบาลศาสตร์ มหาวิทยาลัยเชียงใหม่,^c2554
300    132 หน้า
650    การสร้างเสริมสุขภาพ--เด็ก
700 0  พิมพาภรณ์ กลั่นกลิ่น / บรรณาธิการร่วม
945    ^p150^l0^i017319
945    ^p150^l0^i017318
945    ^p150^l0^i017317
945    ^p150^l0^i017316
945    ^p150^l0^i017315
945    ^p150^l0^i017314
945    ^p150^l0^i017313
945    ^p150^l0^i017312
945    ^p150^l0^i017311
945    ^p150^l0^i017310
945    ^p150^l0^i017309
945    ^p150^l0^i017308
945    ^p150^l0^i017307
945    ^p150^l0^i017306
945    ^p150^l0^i017305
945    ^p150^l0^i017304
945    ^p150^l0^i017303
945    ^p150^l0^i017302
945    ^p150^l0^i017301
945    ^p150^l0^i017300
999    ^aน.ส.สุพรรษา เริงรื่น
รายการนี้ยังไม่มีแท็ก
คุณยังไม่ได้ล็อกอิน คุณสามารถมีกิจกรรมร่วมกับเว็บไซต์ได้ แต่ต้องล็อกอินก่อน ::
  ล็อกอิน
ลำดับที่ ประเภท เลขเรียก สถานที่ สถานะ
1.
WS320 น528ก 2554 ล.1 
  
วิทยาลัยพยาบาลบรมราชชนนี พระพุทธบาท
►หนังสือทั่วไป
On Shelf
2.
WS320 น528ก 2554 ล.1 ฉ.2 
  
วิทยาลัยพยาบาลบรมราชชนนี พระพุทธบาท
►หนังสือทั่วไป
On Shelf
3.
WS320 น528ก 2554 ล.1 ฉ.3 
  
วิทยาลัยพยาบาลบรมราชชนนี พระพุทธบาท
►หนังสือทั่วไป
On Shelf
4.
WS320 น528ก 2554 ล.1 ฉ.4 
  
วิทยาลัยพยาบาลบรมราชชนนี พระพุทธบาท
►หนังสือทั่วไป
On Shelf
5.
WS320 น528ก 2554 ล.1 ฉ.5 
  
วิทยาลัยพยาบาลบรมราชชนนี พระพุทธบาท
►หนังสือทั่วไป
On Shelf
6.
WS320 น528ก 2554 ล.1 ฉ.6 
  
วิทยาลัยพยาบาลบรมราชชนนี พระพุทธบาท
►หนังสือทั่วไป
On Shelf
7.
WS320 น528ก 2554 ล.1 ฉ.7 
  
วิทยาลัยพยาบาลบรมราชชนนี พระพุทธบาท
►หนังสือทั่วไป
On Shelf
8.
WS320 น528ก 2554 ล.1 ฉ.8 
  
วิทยาลัยพยาบาลบรมราชชนนี พระพุทธบาท
►หนังสือทั่วไป
On Shelf
9.
WS320 น528ก 2554 ล.1 ฉ.9 
  
วิทยาลัยพยาบาลบรมราชชนนี พระพุทธบาท
►หนังสือทั่วไป
On Shelf
10.
WS320 น528ก 2554 ล.1 ฉ.10 
  
วิทยาลัยพยาบาลบรมราชชนนี พระพุทธบาท
►หนังสือทั่วไป
On Shelf
11.
WS320 น528ก 2554 ล.1 ฉ.11 
  
วิทยาลัยพยาบาลบรมราชชนนี พระพุทธบาท
►หนังสือทั่วไป
On Shelf
12.
WS320 น528ก 2554 ล.1 ฉ.12 
  
วิทยาลัยพยาบาลบรมราชชนนี พระพุทธบาท
►หนังสือทั่วไป
On Shelf
  1 2 [2]   [แสดง 12/20 รายการ]

Bib 13399123853